| 000 -LEADER |
| fixed length control field |
01195nam a2200229Ia 4500 |
| 001 - CONTROL NUMBER |
| control field |
15749 |
| 003 - CONTROL NUMBER IDENTIFIER |
| control field |
GE_BSU |
| 008 - FIXED-LENGTH DATA ELEMENTS--GENERAL INFORMATION |
| fixed length control field |
181216s||||||||xx |||||||||||||| ||und|| |
| 020 ## - INTERNATIONAL STANDARD BOOK NUMBER |
| International Standard Book Number |
ISBN 978-9941-9404-2-2 |
| 040 ## - CATALOGING SOURCE |
| Transcribing agency |
GE_BSU |
| 080 ## - UNIVERSAL DECIMAL CLASSIFICATION NUMBER |
| Universal Decimal Classification number |
75(479.22) |
| 100 ## - MAIN ENTRY--PERSONAL NAME |
| Personal name |
ჩიბურდანიძე,რატი |
| 245 ## - TITLE STATEMENT |
| Title |
სამოცდაათიანელთა ფერწერა: ძირითადი ტენდენციები = Painting in the Seventies : the main tendencies |
| 245 ## - TITLE STATEMENT |
| Statement of responsibility, etc. |
რედ.: ანა კლდიაშვილი, მაია ჭიჭილეიშვილი ; დიზაინი ლუკა ბესელია |
| 260 ## - PUBLICATION, DISTRIBUTION, ETC. |
| Place of publication, distribution, etc. |
ბათუმი. |
| 260 ## - PUBLICATION, DISTRIBUTION, ETC. |
| Name of publisher, distributor, etc. |
გამ-ბა "უნივერსალი |
| 260 ## - PUBLICATION, DISTRIBUTION, ETC. |
| Date of publication, distribution, etc. |
2015 |
| 300 ## - PHYSICAL DESCRIPTION |
| Extent |
192 გვ. : ილ. ; 20 სმ. |
| 300 ## - PHYSICAL DESCRIPTION |
| Other physical details |
გარეკანზე: ვახტანგ ბესელია, კუბები. - თავფურ. ქართ. და ინგლ.. - რეზ. ინგლ.. - ბიბლიოგრ.: გვ. 163-170. |
| 653 ## - INDEX TERM--UNCONTROLLED |
| Uncontrolled term |
სამოცდაათიანელთა ფერწერა |
| 942 ## - ADDED ENTRY ELEMENTS (KOHA) |
| Koha item type |
წიგნი |